00789nam a2200253Ia 4500003000400000005001700004008004100021020001800062040000700080041000800087082002200095100002500117245004900142250000600191260004300197300001600240365001300256650001900269650002000288906005100308942001200359999001900371952014500390OSt20230324150112.0210423s2008 xx 000 0 und d a9788122415223 cAL aeng a001.42 223bKOTC aKOTHARI (C R)952843 aResearch methodology: methods and techniques a2 aNew DelhibNew Age Internationalc2008 axvi,401bPB b200cINR aGeneral952844 aResearch952845 amethodology: ; methods ; Research ; techniques 2ddccBK c155835d155835 001040708MCOMaSACPGbSACPGd2008-08-12eAthulya Booksg200.00l6o001.42 KOTCpPG002307r2024-03-12 00:00:00s2024-02-14w2021-04-26yBK